Strength of materials (Record no. 4143)

000 -LEADER
fixed length control field 00602nam a2200229 4500
001 - CONTROL NUMBER
control field 4143
003 - CONTROL NUMBER IDENTIFIER
control field BD-DhUET
008 - FIXED-LENGTH DATA ELEMENTS--GENERAL INFORMATION
fixed length control field 0
020 ## - INTERNATIONAL STANDARD BOOK NUMBER
International Standard Book Number 0070702977
040 ## - CATALOGING SOURCE
Transcribing agency 0
Modifying agency BD-DhUET
082 ## - DEWEY DECIMAL CLASSIFICATION NUMBER
Classification number 620.112
Item number WIL/1981
100 ## - MAIN ENTRY--PERSONAL NAME
Personal name Willems, Nicholas
245 ## - TITLE STATEMENT
Title Strength of materials
Statement of responsibility, etc. by Nicholas Willems, John T. Easley and Stanley T. Rolfe
250 ## - EDITION STATEMENT
Edition statement 1st ed.
260 ## - PUBLICATION, DISTRIBUTION, ETC. (IMPRINT)
Place of publication, distribution, etc. New York
Name of publisher, distributor, etc. McGraw-Hill
Date of publication, distribution, etc. 1981
300 ## - PHYSICAL DESCRIPTION
Extent xviii, 508 p.
Other physical details ill.
Dimensions 12 cm.
504 ## - BIBLIOGRAPHY, ETC. NOTE
Bibliography, etc Includes bibliographies
650 #0 - SUBJECT ADDED ENTRY--TOPICAL TERM
Topical term or geographic name as entry element Strength of materials
700 ## - ADDED ENTRY--PERSONAL NAME
Personal name Easley, John T.
700 ## - ADDED ENTRY--PERSONAL NAME
Personal name Rolfe, Stanley T.
942 ## - ADDED ENTRY ELEMENTS (KOHA)
Koha item type General Book
Holdings
Not for loan Sublocation or collection (holding branch) Shelving location Koha out on loan Koha issues (times borrowed) Withdrawn status Lost status Damaged status Koha normalized classification for sorting Date acquired Koha item type Price effective from Copy number Koha date last seen Source of classification or shelving scheme Location (home branch) Koha date last borrowed Piece designation (barcode) Koha full call number
 Central Library, BUETCirculation section 1   620_112000000000000_WIL_19812014-11-12General Book2014-11-1212018-12-18 Central Library, BUET2018-11-0679849620.112/WIL/1981
 Central Library, BUETCirculation section 1   620_112000000000000_WIL_19812014-11-12General Book2014-11-1222019-04-24 Central Library, BUET2018-12-2279850620.112/WIL/1981
 Central Library, BUETCirculation section     620_000000000000000_112WIL19812014-11-12General Book2014-11-1232014-11-12 Central Library, BUET 79853620.112/WIL/1981
 Central Library, BUETCirculation section     620_000000000000000_112WIL19812014-11-12General Book2014-11-1242014-11-12 Central Library, BUET 81408620.112/WIL/1981
 Central Library, BUETCirculation section 2   620_000000000000000_112WIL19812014-11-12General Book2014-11-1252021-12-07 Central Library, BUET2021-11-2979852620.112/WIL/1981
 Central Library, BUETCirculation section2025-12-221   620_000000000000000_112WIL19812014-11-12General Book2014-11-1262025-12-08 Central Library, BUET2025-12-0879580620.112/WIL/1981
 Central Library, BUETCirculation section     620_000000000000000_112WIL19812014-11-12General Book2014-11-1272014-11-12 Central Library, BUET 81410620.112/WIL/1981
 Central Library, BUETCirculation section 1   620_000000000000000_112WIL19812014-11-12General Book2014-11-1282023-07-18 Central Library, BUET2023-07-0879851620.112/WIL/1981
 Central Library, BUETCirculation section     620_112000000000000_WIL_19812014-11-12General Book2014-11-1292014-11-12 Central Library, BUET 81409620.112/WIL/1981
 Central Library, BUETCirculation section     620_112000000000000_WIL_19812015-02-04General Book2015-02-04102015-02-04 Central Library, BUET 79581 620.112/WIL/1981